LEADER 00790nam0-22002771i-450- 001 990003346950403321 005 20111207164419.0 035 $a000334695 035 $aFED01000334695 035 $a(Aleph)000334695FED01 035 $a000334695 100 $a20030910d1964----km-y0itay50------ba 101 0 $aeng 102 $aGB 105 $ay-------001yy 200 1 $a<>prelude, or, growth of a poet's mind$fWilliam Wordsworth 210 $aOxford$cOxford University Press$d1964 676 $a710 700 1$aWordsworth,$bWilliam$f<1770-1850>$0163540 801 0$aIT$bUNINA$gRICA$2UNIMARC 901 $aBK 912 $a990003346950403321 952 $a710 WOR /1$bLINGUE 032939$fDECLI 959 $aDECLI 996 $aPrelude, or Growth of a poet's mind$9237524 997 $aUNINA LEADER 01770nam 2200421 a 450 001 9910699244903321 005 20230902161952.0 035 $a(CKB)5470000002401458 035 $a(OCoLC)488729533 035 $a(EXLCZ)995470000002401458 100 $a20091214d2008 ua 0 101 0 $aeng 135 $aurbn||||a|||| 181 $ctxt$2rdacontent 182 $cc$2rdamedia 183 $acr$2rdacarrier 200 10$aClimate change$b[electronic resource] $ecompetitiveness concerns and prospects for engaging developing countries : hearing before the Subcommittee on Energy and Air Quality of the Committee on Energy and Commerce, House of Representatives, One Hundred Tenth Congress, second session, March 5, 2008 210 1$aWashington :$cU.S. G.P.O.,$d2008. 215 $a1 online resource (vi, 262 pages) $cillustrations 300 $aTitle from title screen (viewed on Dec. 14, 2009). 300 $aPaper version available for sale by the Supt. of Docs., U.S. G.P.O. 300 $a"Serial no. 110-97." 320 $aIncludes bibliographical references. 517 $aClimate change 606 $aGreenhouse gas mitigation$xEconomic aspects$zUnited States 606 $aGreenhouse gas mitigation$xEconomic aspects$zDeveloping countries 606 $aClimatic changes$xGovernment policy$zUnited States 606 $aClimatic changes$xGovernment policy$zDeveloping countries 615 0$aGreenhouse gas mitigation$xEconomic aspects 615 0$aGreenhouse gas mitigation$xEconomic aspects 615 0$aClimatic changes$xGovernment policy 615 0$aClimatic changes$xGovernment policy 801 0$bGPO 801 1$bGPO 906 $aBOOK 912 $a9910699244903321 996 $aClimate change$9250420 997 $aUNINA LEADER 04295nam 22006974a 450 001 9910791374803321 005 20200520144314.0 010 $a1-283-51917-8 010 $a9786613831620 010 $a1-4008-3565-8 024 7 $a10.1515/9781400835652 035 $a(CKB)2560000000011339 035 $a(EBL)537687 035 $a(OCoLC)638860592 035 $a(SSID)ssj0000417198 035 $a(PQKBManifestationID)11301669 035 $a(PQKBTitleCode)TC0000417198 035 $a(PQKBWorkID)10439154 035 $a(PQKB)11782201 035 $a(OCoLC)663899278 035 $a(MdBmJHUP)muse36446 035 $a(DE-B1597)446364 035 $a(OCoLC)979954328 035 $a(DE-B1597)9781400835652 035 $a(Au-PeEL)EBL537687 035 $a(CaPaEBR)ebr10394787 035 $a(CaONFJC)MIL383162 035 $a(MiAaPQ)EBC537687 035 $a(EXLCZ)992560000000011339 100 $a20031003d2004 uy 0 101 0 $aeng 135 $aur|||||||nn|n 181 $ctxt 182 $cc 183 $acr 200 10$aEthnic politics in Europe$b[electronic resource] $ethe power of norms and incentives /$fJudith G. Kelley 205 $aCourse Book 210 $aPrinceton, N.J. $cPrinceton University Press$dc2004 215 $a1 online resource (288 p.) 300 $aDescription based upon print version of record. 311 $a0-691-11798-5 311 $a0-691-12771-9 320 $aIncludes bibliographical references (p. [243]-257) and index. 327 $aTheoretical framework -- Quantifying and exploring the data -- Latvia: overcoming opposition -- Estonia: reluctant cooperation -- Slovakia: the Meciar hurdle and beyond -- Romania: the long road -- Alternative explanations: Russia, Hungary, and democratic development. 330 $aThis detailed account of ethnic minority politics explains when and how European institutions successfully used norms and incentives to shape domestic policy toward ethnic minorities and why those measures sometimes failed. Going beyond traditional analyses, Kelley examines the pivotal engagement by the European Union, the Organization for Security and Cooperation in Europe, and the Council for Europe in the creation of such policies. Following language, education, and citizenship issues during the 1990's in Latvia, Estonia, Slovakia, and Romania, she shows how the combination of membership conditionality and norm-based diplomacy was surprisingly effective at overcoming even significant domestic opposition. However, she also finds that diplomacy alone, without the offer of membership, was ineffective unless domestic opposition to the proposed policies was quite limited. As one of the first systematic analyses of political rather than economic conditionality, the book illustrates under what conditions and through what mechanisms institutions influenced domestic policy in the decade, preparing the way for the historic enlargement of the European Union. This thoughtful and thorough discussion, based on case studies, quantitative analysis, and interviews with nearly one hundred policymakers and experts, tells an important story about how European organizations helped facilitate peaceful solutions to ethnic tensions--in sharp contrast to the ethnic bloodshed that occurred in the former Yugoslavia during this time. This book's simultaneous assessment of soft diplomacy and stricter conditionality advances a long overdue dialogue between proponents rational choice models and social constructivists. As political requirements increasingly become part of conditionality, it also provides keen policy insights for the strategic choices made by actors in international institutions. 606 $aInternational agencies$zEurope, Eastern 606 $aInternational relations 607 $aEurope, Eastern$xPolitics and government$y1989- 607 $aEurope, Eastern$xEthnic relations 607 $aEurope, Eastern$xForeign relations 615 0$aInternational agencies 615 0$aInternational relations. 676 $a323.147 700 $aKelley$b Judith Green$01486676 801 0$bMiAaPQ 801 1$bMiAaPQ 801 2$bMiAaPQ 906 $aBOOK 912 $a9910791374803321 996 $aEthnic politics in Europe$93802185 997 $aUNINA LEADER 01395nam0-2200349 --450 001 9910776696503321 005 20250527111925.0 010 $a978-88-277-0396-0 100 $a20240131d2023----kmuy0itay5050 ba 101 0 $aita$cita 102 $aIT 105 $aa 001yy 200 1 $a<>codice dei contratti pubblici$eD.Lgs. 31 marzo 2023, n. 36$ecodice dei contratti pubblici in attuazione dell'articolo 1 della Legge 21 giugno 2022, n. 78, recante delega al Governo in materia di contratti pubblici$eG.U.R.I. 31/03/2023, n. 77-suppl. ord. n. 12/L 210 $aPalermo$cGrafill$d2023 215 $a624 p.$d21 cm 225 1 $aNormativa$v32 300 $aSul frontespizio: Webapp inclusa: Normativa europea e nazionale, Linee guida in vigore e provvedimenti ANAC, Pareri del Consiglio di Stato, Giurisprudenza in materia di appalti pubblici 300 $aContenuti e attivazione della webapp a p. 624 300 $aIl volume è acquistabile anche in versione eBook 610 0 $acontratti pubblici 676 $a346.4502302638$v23$zita 676 $a346$V23$ZITA 710 02$aItalia$4070$0423419 801 0$aIT$bUNINA$gREICAT$2UNIMARC 901 $aBK 912 $a9910776696503321 952 $aVI Z 303$b2023/1320$fFGBC 952 $a346-GRA-1$B219/2025$Fsc1 959 $aFGBC 959 $aSC1 996 $aCodice dei contratti pubblici$91024582 997 $aUNINA